000 01128cam a2200217 4500
001 WB3938-16
008 031008n2003 000 0 eng u
035 _a(Sirsi) u123875
245 _aWorking together can boost quality of life
260 _c2003
490 _aODPM News Release
_v2003/0203 3 October 2003, (2)
520 _aCollaboration between planners and the producers of Community Strategies can help to improve the quality of life in communities. The report commissioned by the ODPM was produced by Entec UK Limited. The report recommends the potential for Community Strategies and Local Development Frameworks to develop a joint approach to their work.
590 _aWB
650 _aCOMMUNITY STRATEGY
650 _aLOCAL DEVELOPMENT FRAMEWORKS
650 _aCOLLABORATION
690 _aLOCAL GOVERNMENT
856 _uhttps://www.odpm.gov.uk/pns/DisplayPN.cgi?pn_2003_0203
_zFor details of the press release visit the ODPM website...
856 _uhttps://www.odpm.gov.uk/stellent/groups/odpm_planning/documents/page/odpm_plan_024497.pdf
_zVisit the ODPM Website to view the whole report...
942 _n0
999 _c73575
_d73575